| 000 | 00635nam a22001577a 4500 | ||
|---|---|---|---|
| 003 | macl | ||
| 005 | 20240521150424.0 | ||
| 008 | 240521b |||||||| |||| 00| 0 eng d | ||
| 040 | _cmacl | ||
| 082 | _a001 | ||
| 100 |
_aKiran;lnstitute _982393 |
||
| 245 | _a रेलवे सुरक्षा बल RPF/RPSF 23 सब इंस्पेक्टर (SI} पुरूष महिला ऑनलाइन परीक्षा 2018-2019/TCS PYQS साॅॅल्वड पेपर | ||
| 260 |
_aDelhi _bKiran;lnstitute _c2024 |
||
| 650 |
_aसाामान्य ज्ञान _982394 |
||
| 942 |
_2ddc _cC. BOOKS |
||
| 999 |
_c66890 _d66890 |
||